Reálie ČSSR a vybraných krajín francúzskej jazykovej oblasti

Bibliographic Details
Main Authors: Baranová, Elena (Author), Paulisová, J. (Author)
Format: Book
Language:Slovak
French
PhysicalDescription:68 s., 5,231 AH mp. 29 cm
Published: Bratislava Vysoká škola ekonomická 1980
Edition:1. vyd.
Series:Vysokoškolské skriptá
Subjects:

MARC

LEADER 00000cam a2200000 a 4500
001 vtls001101405
003 SK-MaSNL
005 20260301182851.0
008 250313s1980 xo b n 000 0 slo
015 |a SNBA1981 
035 |a SNK000044247 
035 |a urn:nbn:sk:snk-amkwgr 
035 |a urn:nbn:sk:snk-am008353 
035 |a 06DB5A5E-FF08-4C66-A8B1-1413F8D3CA40 
040 |a SNK  |b slo  |c SNK  |e AACR2 
041 0 |a slo  |a fre 
044 |a xo  |c SK 
080 |a 804.0(075.8=40)  |2 1981 
100 1 |a Baranová, Elena  |4 aut  |9 6019 
245 1 0 |a Reálie ČSSR a vybraných krajín francúzskej jazykovej oblasti  |c Elena Baranová, J. Paulisová 
250 |a 1. vyd. 
260 |a Bratislava  |b Vysoká škola ekonomická  |c 1980 
300 |a 68 s., 5,231 AH  |b mp.  |c 29 cm 
366 |e 150 výt. 
490 1 |a Vysokoškolské skriptá 
504 |a Bibliogr. 
650 0 7 |a francúzština  |2 SNKPH  |9 1355 
655 7 |a učebnice vysokých škôl  |2 SNKPH  |9 70191 
700 1 |a Paulisová, J.  |4 aut  |9 283331 
830 0 |a Vysokoškolské skriptá  |9 276440 
852 |a Slovenská národná knižnica 
958 |a OND 
958 |a RM 
958 |a UV 
958 |a NB 
999 |c 855083  |d 857013 
952 |t P60, <04>, [BOOK], {604}  |a SNK  |b SNK  |y VYP  |7 0  |p 17A0149890  |o snkSB 30956 D1  |i snkKSP 8754/80  |0 0  |1 0  |4 0  |d 1998-07-14  |l 0  |r 2004-12-31 00:00:00  |w 2026-02-24 
952 |a SNK  |b SNK  |y PREZ  |7 0  |p 17A0987615  |o snkSB 30956  |i snkKSP 8753/80  |0 0  |1 0  |4 0  |d 2012-07-30  |f 1  |l 0  |r 2025-04-04 00:00:00  |w 2026-02-24